Maquillage par image - Statistiques

Statistiques générales
  • Ce quiz a été pris 6 600 fois
    6 511 depuis la dernière actualisation
  • Le résultat moyen est 16 sur 20
Statistiques - réponses
Par images Réponse % Correct
Rouge à lèvres
99%
Mascara
97%
Pinceau
97%
Blush
94%
Vernis à ongles
91%
Eau micellaire
89%
EyeLiner
86%
Recourbe-cils
86%
Crayons à lèvres
85%
Fond de teint
85%
Bronzeur
84%
Gloss
84%
Fard à paupière
83%
Anti-cerne
81%
Fixateur
73%
Éponge / Blender
72%
Highlighter
56%
Correcteur vert
43%
Brosse à sourcil
38%
Poudre translucide
38%
Aucun quiz correspondant
Distribution des résultats
% des personnes avec chaque résultat
Percentile par nombre de réponses
Votre historique - résultats
Vous n’avez pas pris ce quiz depuis la dernière actualisation